Denis Villeneuve Filmography - Statistics

General Stats
  • This quiz has been taken 13 times
    6 since last reset
  • The average score is 8 of 18
Answer Stats
Hint Answer % Correct
2016 Arrival
83%
2017 Blade Runner 2049
83%
2021 Dune
83%
2013 Prisoners
83%
2024 Dune: Part Two
67%
2013 Enemy
67%
2010 Incendies
67%
2009 Polytechnique
67%
2015 Sicario
67%
2000 Maelstrom
33%
1998 August 32nd on Earth
17%
1996 Cosmos
17%
2007 Happiness Bound
17%
TBD Rendezvous With Rama
17%
1992 Blood Symbol
0%
TBD Cleopatra
0%
2013 Whitewash
0%
1995 Zigrail
0%
No matching quizzes found
Score Distribution
Percent of People with Each Score
Percentile by Number Answered
Your Score History
You have not taken this quiz since the last reset